[Event "World Blitz 2016"]
[Site "Doha QAT"]
[Date "2016.12.30"]
[Round "13.4"]
[White "Bosiocic, Marin"]
[Black "Jobava, Baadur"]
[Result "1-0"]
[WhiteTitle "GM"]
[BlackTitle "GM"]
[WhiteElo "2591"]
[BlackElo "2702"]
[WhiteFideId "14507927"]
[BlackFideId "13601520"]
[EventDate "2016.12.29"]

1. e4 e5 2. Nf3 Nf6 3. Nxe5 d5 4. d4 Nxe4 5. Bd3 Bd6 6. Nc3 Nxc3 7. bxc3 O-O 8.
O-O Nc6 9. f4 Ne7 10. f5 f6 11. Ng6 hxg6 12. fxg6 f5 13. Qh5 Nxg6 14. Qxg6 Qh4
15. g3 Qh7 16. Qxh7+ Kxh7 17. Bf4 Bxf4 18. Rxf4 Rf6 19. Re1 Bd7 20. Re7 Rd8 21.
g4 Kg8 22. gxf5 Kf8 23. Re5 Be8 24. Rh4 Bf7 25. Rh8+ Bg8 26. c4 Rh6 27. Rxh6
gxh6 28. c5 Rd7 29. Kf2 Kg7 30. Re8 Bf7 31. Ra8 a6 32. Ra7 Kf6 33. Rxb7 a5 34.
h4 Re7 35. Ra7 Be8 36. Rxa5 Bd7 37. Ra6+ c6 38. Rb6 Rg7 39. a4 Rg4 40. Ke3 Rxh4
41. a5 Rh1 42. a6 Ra1 43. Bb5 Kxf5 44. Bxc6 Ra3+ 45. Kd2 Bxc6 46. Rxc6 h5 47.
Rb6 Ke4 48. c6 Ra4 49. c7 Rxd4+ 50. Kc1 Rc4 51. a7 1-0

[Event "World Blitz 2016"]
[Site "Doha QAT"]
[Date "2016.12.30"]
[Round "13.7"]
[White "Aronian, Levon"]
[Black "Grischuk, Alexander"]
[Result "0-1"]
[WhiteTitle "GM"]
[BlackTitle "GM"]
[WhiteElo "2785"]
[BlackElo "2737"]
[WhiteFideId "13300474"]
[BlackFideId "4126025"]
[EventDate "2016.12.29"]

1. Nf3 Nf6 2. c4 g6 3. Nc3 Bg7 4. e4 d6 5. d4 O-O 6. Be2 e5 7. d5 a5 8. Bg5 h6
9. Bh4 g5 10. Bg3 Nh5 11. h4 g4 12. Nd2 Nxg3 13. fxg3 h5 14. Qc2 Na6 15. O-O-O
Qf6 16. Rhf1 Qh6 17. Kb1 Bd7 18. a3 a4 19. Nb5 Nc5 20. Nxc7 Rac8 21. Nb5 Qe3 22.
Rfe1 Qxg3 23. Nxd6 Qxg2 24. Qc3 Qf2 25. Nf1 Qf6 26. Nxc8 Nxe4 27. Qe3 Rxc8 28.
Ng3 Nxg3 29. Qxg3 e4 30. Rd2 Bf5 31. Ka1 Qb6 32. Rc2 e3 33. Rec1 Bxc2 34. Rxc2
Qb3 35. Kb1 b5 36. d6 bxc4 37. d7 Rd8 38. Qc7 Qb8 39. Qxb8 Rxb8 40. Rxc4 Rd8 41.
Rc8 Bf6 42. Kc2 Bxh4 43. Kd3 Bg5 44. Ke4 Kg7 45. Rxd8 Bxd8 46. Kxe3 f5 47. Bb5
Kf6 48. Bxa4 Bb6+ 49. Ke2 f4 50. Bc6 h4 51. a4 h3 52. b4 h2 53. Bh1 Ke7 54. a5
Bc7 55. Kd3 Kxd7 56. Ke4 f3 57. Ke3 Ke6 58. Kf2 Kf5 59. a6 Kf4 60. a7 Bb6+ 0-1

[Event "World Blitz 2016"]
[Site "Doha QAT"]
[Date "2016.12.30"]
[Round "13.8"]
[White "Nepomniachtchi, Ian"]
[Black "Anand, Viswanathan"]
[Result "1/2-1/2"]
[WhiteTitle "GM"]
[BlackTitle "GM"]
[WhiteElo "2767"]
[BlackElo "2779"]
[WhiteFideId "4168119"]
[BlackFideId "5000017"]
[EventDate "2016.12.29"]

1. e4 c6 2. Nc3 d5 3. Nf3 Bg4 4. h3 Bxf3 5. Qxf3 e6 6. d4 dxe4 7. Nxe4 Qxd4 8.
c3 Qd5 9. Bd3 Nd7 10. Qe2 Nc5 11. Bc2 Nxe4 12. Bxe4 Qd7 13. O-O Nf6 14. Bf3 Bd6
15. Rd1 Qe7 16. Bg5 Rd8 17. Qe3 a6 18. Rd3 O-O 19. Rad1 Bc7 20. Qa7 Rxd3 21.
Rxd3 Bb8 22. Bxf6 gxf6 23. Qd4 Bc7 24. Qd7 Re8 25. Bh5 Kf8 26. Qd4 Rd8 27. Qe3
Rxd3 28. Qxd3 Kg7 29. Qd4 Qd6 30. Qxd6 1/2-1/2

[Event "World Blitz 2016"]
[Site "Doha QAT"]
[Date "2016.12.30"]
[Round "13.11"]
[White "Wojtaszek, Radoslaw"]
[Black "Mamedov, Rauf"]
[Result "1/2-1/2"]
[WhiteTitle "GM"]
[BlackTitle "GM"]
[WhiteElo "2749"]
[BlackElo "2688"]
[WhiteFideId "1118358"]
[BlackFideId "13401653"]
[EventDate "2016.12.29"]

1. d4 d6 2. Nf3 Nf6 3. c4 g6 4. g3 Bg7 5. Bg2 O-O 6. O-O Nbd7 7. Nc3 e5 8. e4
exd4 9. Nxd4 a6 10. h3 Rb8 11. Be3 Re8 12. b3 Qe7 13. Qc2 c5 14. Nde2 b5 15.
Rad1 bxc4 16. bxc4 Ne5 17. Bg5 Qf8 18. Bxf6 Bxf6 19. Nd5 Bg7 20. Rb1 Bd7 21. Kh2
Nc6 22. Rxb8 Rxb8 23. Rb1 h5 24. f4 Be6 25. Rb3 a5 26. f5 Bxd5 27. exd5 Ne5 28.
Nf4 Rxb3 29. axb3 Bh6 30. fxg6 Bxf4 31. gxf4 Nxg6 32. Qf5 Qe7 33. Qxh5 Qe3 34.
f5 Qe5+ 35. Kg1 Qe3+ 36. Kh2 Qe5+ 37. Kg1 Nf4 38. Qg5+ Kh7 39. Qh4+ Kg7 40. Qg5+
Kf8 41. Qd8+ Kg7 42. Qg5+ Kh7 43. Qh4+ 1/2-1/2

[Event "World Blitz 2016"]
[Site "Doha QAT"]
[Date "2016.12.30"]
[Round "13.12"]
[White "Bortnyk, Olexandr"]
[Black "Korobov, Anton"]
[Result "0-1"]
[WhiteTitle "GM"]
[BlackTitle "GM"]
[WhiteElo "2581"]
[BlackElo "2692"]
[WhiteFideId "14120828"]
[BlackFideId "14105730"]
[EventDate "2016.12.29"]

1. e4 e6 2. d3 d5 3. Nd2 c5 4. g3 Nc6 5. Bg2 Nge7 6. Ngf3 g6 7. O-O Bg7 8. c3 b6
9. Re1 Ba6 10. exd5 exd5 11. Qa4 Bb7 12. d4 c4 13. Nxc4 dxc4 14. d5 Qxd5 15. Nd4
Qxg2+ 16. Kxg2 O-O 17. f3 Nxd4 18. cxd4 Nf5 19. Qd7 Bc8 20. Qc6 Nxd4 21. Qxc4
Bb7 22. Re7 Rac8 23. Rc7 Nxf3 24. Kf2 Ne5 25. Rxc8 Rxc8 26. Qh4 Rc2+ 27. Ke3 h5
28. Qd8+ Kh7 29. Qb8 Ba6 30. g4 hxg4 31. a4 g5 32. a5 Re2+ 33. Kd4 Nc6+ 34. Kd5
Nxb8 0-1

[Event "World Blitz 2016"]
[Site "Doha QAT"]
[Date "2016.12.30"]
[Round "13.13"]
[White "Onischuk, Vladimir"]
[Black "Najer, Evgeniy"]
[Result "0-1"]
[WhiteTitle "GM"]
[BlackTitle "GM"]
[WhiteElo "2601"]
[BlackElo "2679"]
[WhiteFideId "14114038"]
[BlackFideId "4118987"]
[EventDate "2016.12.29"]

1. e4 c5 2. Nf3 e6 3. b3 b6 4. Bb2 Bb7 5. Nc3 a6 6. g3 Nf6 7. Bg2 d6 8. O-O Be7
9. e5 dxe5 10. Nxe5 Bxg2 11. Kxg2 O-O 12. f4 Nfd7 13. Ne4 f5 14. Nxd7 Qxd7 15.
Nf2 Nc6 16. Qf3 Bf6 17. Bxf6 Rxf6 18. Rae1 Rd8 19. c3 Qd5 20. Re2 Kf7 21. Rfe1
h6 22. Nd1 g5 23. Ne3 Qxf3+ 24. Kxf3 b5 25. a4 e5 26. axb5 axb5 27. Ra1 Rd3 28.
Rf2 Kg6 29. Ke2 Rfd6 30. Ra2 exf4 31. gxf4 g4 32. Ke1 h5 33. Ra8 Rd8 34. Ra6
R3d6 35. Ng2 Kf6 36. Re2 Ne7 37. Ra5 Rb6 38. Ra7 Ng6 39. Rh7 Rh8 40. Rxh8 Nxh8
41. Nh4 Ng6 42. Nxg6 Kxg6 43. Re5 Rc6 44. c4 bxc4 45. bxc4 h4 46. Kf2 Kf6 47. d3
Rd6 48. Rxc5 Rxd3 49. Rc6+ Kg7 50. Rc7+ Kf6 51. Rc6+ Ke7 52. Rc5 Ke6 53. Rc6+
Rd6 54. Rc5 Rd2+ 55. Kg1 Rd4 56. Rc6+ Ke7 57. h3 g3 58. c5 Rxf4 59. Rh6 Rc4 60.
Kg2 Rc2+ 61. Kf3 Rf2+ 62. Ke3 f4+ 63. Ke4 g2 64. Rg6 f3 65. c6 Rf1 66. Rg7+ Kd8 0-1

[Event "World Blitz 2016"]
[Site "Doha QAT"]
[Date "2016.12.30"]
[Round "13.14"]
[White "Melkumyan, Hrant"]
[Black "Bu, Xiangzhi"]
[Result "1/2-1/2"]
[WhiteTitle "GM"]
[BlackTitle "GM"]
[WhiteElo "2633"]
[BlackElo "2705"]
[WhiteFideId "13302485"]
[BlackFideId "8601445"]
[EventDate "2016.12.29"]

1. d4 Nf6 2. Nf3 e6 3. c4 d5 4. Nc3 c5 5. cxd5 Nxd5 6. e4 Nxc3 7. bxc3 cxd4 8.
cxd4 Bb4+ 9. Bd2 Bxd2+ 10. Qxd2 O-O 11. Bc4 Nd7 12. O-O b6 13. a4 Bb7 14. Bd3
Rc8 15. a5 Qc7 16. Rfc1 Qd6 17. a6 Ba8 18. h3 h6 19. Rxc8 Rxc8 20. Rc1 Rxc1+ 21.
Qxc1 Bc6 22. d5 exd5 23. e5 Qc5 24. Qf4 Nf8 25. Nd4 Bd7 26. Bf5 Bxf5 27. Nxf5
Ne6 28. Qg4 d4 29. Qe4 b5 30. Qa8+ Kh7 31. Qe4 Kg8 32. Qa8+ Kh7 33. Qe4 g6 34.
Nd6 Kg7 35. Qb7 Qc1+ 36. Kh2 Qf4+ 37. Kg1 h5 38. g3 Qc1+ 39. Kg2 Qc7 40. Qxb5
Kh7 41. Qb7 d3 42. Qxc7 Nxc7 43. Kf3 Kg7 44. Ke3 Nxa6 45. Nb5 Nb4 46. Nxa7 f6
47. exf6+ Kxf6 48. Nb5 g5 49. Nc3 Ke5 50. g4 hxg4 51. hxg4 Nc2+ 52. Kxd3 Nb4+
53. Ke3 Nc2+ 54. Kf3 Nd4+ 55. Kg3 Ne6 56. f3 Kd4 57. Ne4 Ke5 58. Nf2 Nd4 59. Nh3
Ne6 60. Kf2 Kd4 61. Ke2 Kd5 62. Kd3 Ke5 63. Ke3 Kf6 64. Ke4 Nc5+ 65. Kd5 Nd3 66.
Kd4 Nb4 67. Nf2 Nc6+ 68. Kd5 Nb4+ 69. Kd6 Nc2 70. Ne4+ Kg6 71. Ke5 Ne1 72. Nd2
Nd3+ 73. Ke6 Nf4+ 74. Kd6 Nd3 75. Nc4 Kf6 76. Kd5 Nf4+ 77. Ke4 Ne2 78. Ne3 Ke6
79. Nf5 Kf6 80. Ne3 Ke6 81. Nc2 Nc3+ 82. Kd4 Nd5 83. Na3 Nf4 84. Ke4 Kf6 85. Nb5
Ne2 86. Nc7 Nc3+ 87. Kd3 Na4 88. Kd4 Nb2 89. Nd5+ Ke6 90. Nb6 Nd1 91. Nc4 Nf2
92. Nd2 Nh3 93. Ne4 Kf7 94. Ke5 Kg6 95. Nd2 Nf4 96. Nc4 Nd3+ 97. Ke6 Nf4+ 98.
Ke5 Nd3+ 99. Kd5 Kf6 100. Nd6 Nf4+ 101. Kd4 Ne6+ 102. Ke4 Nf4 103. Nb5 Ne6 104.
Nc3 Nc5+ 105. Kd5 Nd3 106. Ne4+ Kg6 107. Ke6 Nf4+ 108. Kd6 Nd3 109. Nd2 Kf6 110.
Kd5 Nf4+ 111. Ke4 Ne6 112. Nb3 Nf4 113. Nc5 Nh3 114. Nd3 Ke6 115. Kd4 Kf6 116.
Ke3 Ke6 117. Ke2 Kd5 118. Kf1 Kd4 119. Kg2 Kxd3 120. Kxh3 Kd4 121. Kg2 Ke5 122.
Kf2 Kf6 123. Kf1 Kf7 124. Ke2 Ke6 125. Kd2 Kd6 126. Kc3 Kc5 127. Kd3 Kd5 128.
Ke3 Ke5 129. Kf2 Kf6 130. Kg2 Ke6 131. Kg3 Kf6 132. Kf2 Ke6 133. Ke2 Kd6 134.
Kd2 Ke6 135. Kc3 Ke5 136. Kd3 Kd5 137. Ke3 Ke5 138. Kf2 Ke6 139. Ke2 Kd6 140.
Kd3 Kd5 141. Ke3 Ke5 142. f4+ gxf4+ 143. Kf3 Ke6 144. Ke4 1/2-1/2

[Event "World Blitz 2016"]
[Site "Doha QAT"]
[Date "2016.12.30"]
[Round "13.17"]
[White "Matlakov, Maxim"]
[Black "Inarkiev, Ernesto"]
[Result "1/2-1/2"]
[WhiteTitle "GM"]
[BlackTitle "GM"]
[WhiteElo "2694"]
[BlackElo "2709"]
[WhiteFideId "4168003"]
[BlackFideId "4162722"]
[EventDate "2016.12.29"]

1. Nf3 d5 2. g3 Nf6 3. Bg2 g6 4. O-O Bg7 5. d4 O-O 6. c4 c6 7. b3 dxc4 8. bxc4
c5 9. Bb2 cxd4 10. Nxd4 Qb6 11. Qb3 Nfd7 12. e3 e5 13. Nb5 Nc5 14. Qa3 Be6 15.
Nd2 Nc6 16. Nc3 Nb4 17. Na4 Nxa4 18. Qxa4 Nd3 19. Bc3 Nc5 20. Qa3 Rfc8 21. Rab1
Qc7 22. Bb4 Bf8 23. Bd5 a5 24. Bxc5 Bxc5 25. Qb3 Bxd5 26. cxd5 Bb4 27. Nf3 b5
28. a3 Bd6 29. Ng5 a4 30. Qxb5 Bxa3 31. Ne4 Qc4 32. Nf6+ Kg7 33. Qxc4 Rxc4 34.
Nd7 Rc2 35. Nxe5 Bb2 36. Nd3 Bf6 37. e4 Bd4 38. Rb4 Bc3 39. Rc4 a3 40. Nb4 Rb2
41. Rxc3 Rxb4 42. d6 a2 43. Rcc1 Rxe4 44. Rfd1 Rea4 45. d7 a1=Q 46. Rxa1 Rxa1
47. d8=Q Rxd8 48. Rxa1 h5 1/2-1/2

[Event "World Blitz 2016"]
[Site "Doha QAT"]
[Date "2016.12.30"]
[Round "13.18"]
[White "Li, Chao b"]
[Black "Adly, Ahmed"]
[Result "0-1"]
[WhiteTitle "GM"]
[BlackTitle "GM"]
[WhiteElo "2720"]
[BlackElo "2599"]
[WhiteFideId "8604436"]
[BlackFideId "10601619"]
[EventDate "2016.12.29"]

1. e4 c5 2. Nf3 d6 3. d4 Nf6 4. Nc3 cxd4 5. Nxd4 a6 6. Bg5 Nc6 7. Qd2 h6 8. Bxf6
gxf6 9. O-O-O Bd7 10. Kb1 e6 11. f4 Qb6 12. Nb3 O-O-O 13. Be2 h5 14. Bf3 h4 15.
Rhe1 Kb8 16. a3 Be8 17. Ne2 Rc8 18. f5 Ne5 19. Ned4 Bd7 20. Qe2 Bh6 21. Bh5 Bf4
22. h3 Bg3 23. Rf1 Rhf8 24. Bg4 Nxg4 25. Qxg4 a5 26. fxe6 fxe6 27. Qg7 Rcd8 28.
c3 Be5 29. Qh6 Ba4 30. Ka2 Bxd4 31. Nxd4 Bxd1 32. Rxd1 a4 33. Qxh4 e5 34. Nc2
Rc8 35. Nb4 f5 36. Qe7 Qc7 37. Qxd6 Qxd6 38. Rxd6 fxe4 39. Rd2 Rcd8 40. Re2 Rf1
41. Rxe4 Rdd1 42. Nc2 Rc1 43. Re2 Kc7 44. b3 b5 45. bxa4 bxa4 46. c4 Kd6 47. Kb2
Rb1+ 48. Ka2 Rb3 49. c5+ Kxc5 50. Rxe5+ Kd6 51. Re2 Rc1 52. h4 Rh1 53. Ne3 Rd3
54. g4 Rh3 55. Nc2 Rxh4 56. Rg2 Rhh3 57. Kb2 Rb3+ 58. Kc1 Rhg3 59. Rd2+ Rbd3 60.
Re2 Rg1+ 61. Kb2 Rxg4 62. Nb4 Rb3+ 63. Ka2 Rbg3 64. Rd2+ Kc5 65. Nd3+ Kb6 66.
Nb2 Rg2 67. Rd5 Rh2 68. Rd1 Rgg2 69. Rb1 Rh3 70. Rd1 Rb3 71. Rb1 Kb5 0-1

[Event "World Blitz 2016"]
[Site "Doha QAT"]
[Date "2016.12.30"]
[Round "13.19"]
[White "Mchedlishvili, Mikheil"]
[Black "Artemiev, Vladislav"]
[Result "1/2-1/2"]
[WhiteTitle "GM"]
[BlackTitle "GM"]
[WhiteElo "2601"]
[BlackElo "2653"]
[WhiteFideId "13600966"]
[BlackFideId "24101605"]
[EventDate "2016.12.29"]

1. e4 c5 2. Ne2 Nf6 3. Nbc3 d6 4. g3 Nc6 5. Bg2 g6 6. d4 cxd4 7. Nxd4 Bd7 8.
Nde2 Bg7 9. h3 O-O 10. O-O Rb8 11. a4 a6 12. Nd5 b5 13. axb5 axb5 14. Bg5 Nxd5
15. exd5 Ne5 16. Nd4 h6 17. Bc1 Qc8 18. Kh2 Qc5 19. Nb3 Qc7 20. Be3 Nc4 21. Ra7
Nxe3 22. Rxc7 Nxd1 23. Rxd1 Rfd8 24. Nd4 Rbc8 25. Rxc8 Rxc8 26. Nc6 Kf8 27. b3
Bf5 28. Rd2 Ra8 29. Re2 Bf6 30. Be4 Bd7 31. Bd3 Ra1 32. Bxb5 Rd1 33. Bd3 e6 34.
Kg2 exd5 35. Nb4 Bc3 36. Na2 d4 37. Nxc3 dxc3 38. g4 Bc6+ 39. Kg3 g5 40. f3 Bd5
41. Re3 Be6 42. Kf2 d5 43. Be2 Rc1 44. Rxc3 d4 45. Rd3 Rxc2 46. Rxd4 Bxb3 47.
Re4 Bd5 48. Re3 Kg7 49. Kg3 Rc1 50. Kf2 Kf6 51. Bd3 Rd1 52. Be2 Ra1 53. Rd3 Ke5
54. Re3+ Kd6 55. Rd3 Ra4 56. Rd2 Rf4 57. Kg3 f5 58. gxf5 Ke5 59. Rb2 h5 60. Rb5
h4+ 61. Kf2 Rxf5 62. Ke3 Kd6 63. Rb6+ Bc6 64. Rb4 Re5+ 65. Kf2 Kc5 66. Rc4+ Kd6
67. Rd4+ Ke7 68. f4 Rf5 69. Ke3 gxf4+ 70. Rxf4 Rxf4 1/2-1/2

[Event "World Blitz 2016"]
[Site "Doha QAT"]
[Date "2016.12.30"]
[Round "13.20"]
[White "Amonatov, Farrukh"]
[Black "Mareco, Sandro"]
[Result "1/2-1/2"]
[WhiteTitle "GM"]
[BlackTitle "GM"]
[WhiteElo "2620"]
[BlackElo "2635"]
[WhiteFideId "14700077"]
[BlackFideId "112275"]
[EventDate "2016.12.29"]

1. e4 c5 2. Nf3 d6 3. d4 cxd4 4. Nxd4 Nf6 5. Nc3 a6 6. h3 g6 7. g4 Bg7 8. Be3
Nc6 9. Qd2 h5 10. g5 Nd7 11. O-O-O O-O 12. f4 Nb6 13. Qf2 Nxd4 14. Bxd4 Bxd4 15.
Qxd4 Be6 16. Bd3 Rc8 17. f5 Bc4 18. Rhf1 Bxd3 19. Rxd3 Nc4 20. Nd5 Ne5 21. Rc3
Rxc3 22. Qxc3 Qd7 23. Kb1 Kg7 24. Nxe7 Qb5 25. Rd1 Re8 26. b3 Kf8 27. Nd5 Qc5
28. Qd2 Nc6 29. fxg6 Rxe4 30. Nf6 Re7 31. gxf7 Kxf7 32. Qd3 Qxg5 33. Rf1 Ke6 34.
Ne4 Qe5 35. Nxd6 Nb4 36. Qc4+ Nd5 37. Nf5 Rc7 38. Nd4+ Ke7 39. Nf5+ Ke6 40. Nd4+
Kd7 41. Rf7+ Ke8 42. Rxc7 Nxc7 43. Qg8+ Ke7 44. Qh7+ Ke8 45. Qg6+ Ke7 46. Nf5+
Kd7 47. Qg7+ Qxg7 48. Nxg7 h4 49. Nf5 Nd5 50. Nxh4 Nf4 51. Nf3 Nxh3 52. Kb2 b5
53. Kc3 Kc7 54. Kd4 Kb6 55. Ke3 Kc5 56. c3 a5 57. Kd2 Nf4 58. Ne5 Nd5 59. Nd3+
Kb6 60. Kc2 Kc6 61. Nb2 Kc5 62. Kd3 Nf4+ 63. Ke4 Nd5 64. Nd3+ Kd6 65. Kd4 Nb6
66. Nc5 a4 67. bxa4 bxa4 68. c4 Kc6 69. Nd3 a3 70. Nb4+ Kb7 71. c5 Na4 72. Kc4
Kc7 73. Nd5+ Kc6 74. Nb4+ Kc7 75. Nc2 Kc6 76. Nd4+ Kc7 77. Kb4 Nb2 78. Kxa3 Nd3
79. Nb3 Kc6 80. Ka4 Nxc5+ 81. Ka5 Ne4 82. Ka6 Nc5+ 83. Ka5 Ne4 84. Kb4 Kb6 85.
Nd4 Nc5 86. a3 Na6+ 87. Kc4 Ka5 88. Nb3+ Ka4 89. Nc5+ Nxc5 1/2-1/2

[Event "World Blitz 2016"]
[Site "Doha QAT"]
[Date "2016.12.30"]
[Round "13.21"]
[White "Bok, Benjamin"]
[Black "Cheparinov, Ivan"]
[Result "0-1"]
[WhiteTitle "GM"]
[BlackTitle "GM"]
[WhiteElo "2598"]
[BlackElo "2689"]
[WhiteFideId "1017063"]
[BlackFideId "2905540"]
[EventDate "2016.12.29"]

1. e4 e5 2. Nf3 Nc6 3. Bc4 Bc5 4. O-O d6 5. c3 Nf6 6. d3 h6 7. Re1 O-O 8. h3 a5
9. Nbd2 a4 10. Bb5 Bd7 11. Nf1 Ne7 12. Bxd7 Qxd7 13. d4 Bb6 14. Ng3 Qb5 15. Rb1
Ng6 16. Be3 Rfe8 17. Qc2 d5 18. dxe5 Nxe5 19. Nxe5 Rxe5 20. Bd4 Re6 21. e5 Nd7
22. f4 Rae8 23. Kh1 c5 24. f5 R6e7 25. f6 Re6 26. Nf5 cxd4 27. Nxg7 Nxe5 28.
Nxe6 Rxe6 29. Qf5 Qe8 30. cxd4 Ng6 31. Qf2 Re4 32. Rbd1 Qe6 33. Rxe4 dxe4 34. d5
Qxd5 35. Qe2 Qe6 36. Qd2 Qxf6 37. Qxh6 Bc7 38. Qe3 Qe5 39. Kg1 Qe6 40. Kf1 Bb6
41. Qg3 Qf6+ 42. Ke1 Qxb2 43. h4 Qc2 44. Rd2 Ba5 45. Qg5 Qxd2+ 46. Qxd2 Bxd2+ 0-1

[Event "World Blitz 2016"]
[Site "Doha QAT"]
[Date "2016.12.30"]
[Round "13.22"]
[White "Jakovenko, Dmitry"]
[Black "Nguyen, Ngoc Truong Son"]
[Result "1-0"]
[WhiteTitle "GM"]
[BlackTitle "GM"]
[WhiteElo "2704"]
[BlackElo "2629"]
[WhiteFideId "4122356"]
[BlackFideId "12401110"]
[EventDate "2016.12.29"]

1. Nf3 Nf6 2. g3 d5 3. Bg2 c5 4. O-O Nc6 5. c4 d4 6. e3 e5 7. exd4 exd4 8. Re1+
Be7 9. d3 O-O 10. Bf4 Bd6 11. Bg5 Bf5 12. Nh4 Bd7 13. Nd2 h6 14. Bxf6 gxf6 15.
Qh5 Kg7 16. Bxc6 bxc6 17. Ne4 Be6 18. Nxc5 Bxc5 19. Qxc5 Qb6 20. Qxb6 axb6 21.
a4 b5 22. cxb5 cxb5 23. a5 b4 24. Nf3 Rfd8 25. Ra4 Bf5 26. Rxb4 Rxa5 27. Nxd4
Bd7 28. Nc2 Bh3 29. d4 Rc8 30. Ne3 Kg6 31. f3 Ra2 32. Kf2 h5 33. d5 Bd7 34. Re2
Ra1 35. Ng2 Rcc1 36. Nf4+ Kh6 37. Rb7 Rf1+ 38. Ke3 Bc8 39. Rxf7 Ra6 40. Ne6 Bxe6
41. Rxf6+ Kg7 42. Rxe6 1-0

[Event "World Blitz 2016"]
[Site "Doha QAT"]
[Date "2016.12.30"]
[Round "13.23"]
[White "Vallejo Pons, Francisco"]
[Black "Pantsulaia, Levan"]
[Result "1-0"]
[WhiteTitle "GM"]
[BlackTitle "GM"]
[WhiteElo "2711"]
[BlackElo "2607"]
[WhiteFideId "2205530"]
[BlackFideId "13602071"]
[EventDate "2016.12.29"]

1. d4 Nf6 2. Nf3 c5 3. c4 cxd4 4. Nxd4 a6 5. g3 Qc7 6. Nd2 e5 7. Nc2 Qc6 8. e4
Bc5 9. Bg2 d6 10. O-O h5 11. Nb3 Ba7 12. Bg5 Be6 13. Ne3 Nh7 14. Qxh5 Nd7 15.
Nf5 Kf8 16. Be7+ Kg8 17. Rac1 Ndf6 18. Bxf6 Nxf6 19. Ne7+ 1-0

[Event "World Blitz 2016"]
[Site "Doha QAT"]
[Date "2016.12.30"]
[Round "13.24"]
[White "Naiditsch, Arkadij"]
[Black "Lalith, Babu M R"]
[Result "1-0"]
[WhiteTitle "GM"]
[BlackTitle "GM"]
[WhiteElo "2687"]
[BlackElo "2587"]
[WhiteFideId "4650891"]
[BlackFideId "5024595"]
[EventDate "2016.12.29"]

1. Nf3 Nf6 2. g3 d5 3. Bg2 e6 4. O-O Be7 5. d3 O-O 6. Nbd2 a5 7. e4 a4 8. a3 c5
9. Re1 Nc6 10. e5 Nd7 11. Nf1 b5 12. h4 Qc7 13. Bf4 Nd4 14. Nxd4 cxd4 15. Nh2
Bb7 16. h5 b4 17. axb4 Bxb4 18. Rf1 Nxe5 19. h6 g6 20. c3 Bd6 21. cxd4 Nd7 22.
Bxd6 Qxd6 23. Rxa4 Bc6 24. Rxa8 Rxa8 25. Qd2 Rb8 26. Rc1 Bb5 27. Ng4 f5 28. Nh2
f4 29. Qxf4 Qxf4 30. gxf4 Rf8 31. Rc7 Rxf4 32. Nf3 Kf7 33. Rb7 Rxf3 34. Bxf3 Bc6
35. Ra7 Kf6 36. b4 Kg5 37. Ra6 Bb5 38. Rxe6 1-0

[Event "World Blitz 2016"]
[Site "Doha QAT"]
[Date "2016.12.30"]
[Round "13.25"]
[White "Lu, Shanglei"]
[Black "Ganguly, Surya Shekhar"]
[Result "1-0"]
[WhiteTitle "GM"]
[BlackTitle "GM"]
[WhiteElo "2627"]
[BlackElo "2668"]
[WhiteFideId "8603332"]
[BlackFideId "5002150"]
[EventDate "2016.12.29"]

1. e4 e5 2. Bc4 Nf6 3. d3 Nc6 4. Nf3 Bc5 5. O-O d6 6. c3 O-O 7. Bb3 a6 8. Re1 h6
9. Nbd2 Be6 10. Nf1 Re8 11. Bxe6 fxe6 12. Ng3 Qd7 13. d4 exd4 14. cxd4 Bb4 15.
Re2 d5 16. e5 Nh7 17. Qd3 Rf8 18. Nh4 Rf7 19. f4 Nf8 20. Be3 Be7 21. Ng6 Nxg6
22. Qxg6 Bf8 23. f5 Re8 24. f6 Kh8 25. Nh5 gxf6 26. Nxf6 Rxf6 27. exf6 Qh7 28.
Qxe8 1-0

[Event "World Blitz 2016"]
[Site "Doha QAT"]
[Date "2016.12.30"]
[Round "13.26"]
[White "Vitiugov, Nikita"]
[Black "Salinas Herrera, Pablo"]
[Result "1-0"]
[WhiteTitle "GM"]
[BlackTitle "IM"]
[WhiteElo "2726"]
[BlackElo "2466"]
[WhiteFideId "4152956"]
[BlackFideId "3407128"]
[EventDate "2016.12.29"]

1. d4 d5 2. c4 c6 3. Nf3 Nf6 4. e3 Bg4 5. h3 Bh5 6. g4 Bg6 7. Ne5 e6 8. Nd2 Nfd7
9. Nxg6 hxg6 10. Bg2 Be7 11. Qb3 Qb6 12. O-O O-O 13. e4 dxe4 14. Nxe4 Nf6 15.
Nc3 Nbd7 16. Be3 Qc7 17. Rad1 Rfe8 18. Rfe1 Rad8 19. Qc2 Nf8 20. Qe2 Qa5 21. a3
Qa6 22. g5 N6d7 23. d5 exd5 24. cxd5 Qxe2 25. Rxe2 cxd5 26. Nxd5 Bd6 27. Red2
Ne5 28. Bxa7 Nc4 29. Rc2 b5 30. Nc3 Ne6 31. Bc6 Rf8 32. Bxb5 Ne5 33. Be2 Nxg5
34. Kg2 Ne6 35. Rcd2 Ra8 36. Be3 Be7 37. Nd5 Bd8 38. Bb5 Rb8 39. a4 f5 40. f4
Nf7 41. Kf3 g5 42. Rg1 gxf4 43. Nxf4 Ne5+ 44. Ke2 Ng5 45. Nd5 Ne4 46. Rc2 g5 47.
Bd4 Ng6 48. Kd1 Kh7 49. Kc1 Nh4 50. Rf1 Kh6 51. Rc6+ Kh7 52. Bd3 Ng3 53. Rg1 Nf3
54. Rxg3 Nxd4 55. Rc4 Nb3+ 56. Kc2 Na5 57. Rc5 Nb7 58. Rb5 Rc8+ 59. Kb1 Nd6 60.
Rb4 Kh6 61. Rb3 f4 62. Rf3 Re8 63. Nc3 Bf6 64. Rb6 Re1+ 65. Ka2 Rd8 66. Nb5 Be7
67. Rf1 Re3 68. Rd1 Kh5 69. Nxd6 Rxd6 70. Rxd6 Bxd6 71. a5 f3 72. a6 Bc5 73. Kb3
f2 74. Kc4 Ba7 75. Rf1 Rxh3 76. b4 Rh4+ 77. Kb5 Rd4 78. Be2+ Kh4 79. Rc1 Re4 80.
Bd3 Re5+ 81. Kc6 g4 82. Kb7 Re7+ 83. Ka8 Be3 84. Rh1+ Kg5 85. b5 g3 86. Rh8 Ra7+
87. Kb8 Rg7 88. Bf1 Kg4 89. Re8 Ba7+ 90. Ka8 Bc5 91. Rc8 Be3 92. Re8 Kf3 93.
Rf8+ Ke4 94. Re8+ Kf4 95. Rf8+ Kg5 96. Rf3 Bb6 97. Rxg3+ 1-0

[Event "World Blitz 2016"]
[Site "Doha QAT"]
[Date "2016.12.30"]
[Round "13.27"]
[White "Bindrich, Falko"]
[Black "Amin, Bassem"]
[Result "0-1"]
[WhiteTitle "GM"]
[BlackTitle "GM"]
[WhiteElo "2590"]
[BlackElo "2662"]
[WhiteFideId "4676670"]
[BlackFideId "10601457"]
[EventDate "2016.12.29"]

1. d4 Nf6 2. Nf3 g6 3. Bf4 Bg7 4. e3 O-O 5. h3 d6 6. Be2 c5 7. c3 b6 8. O-O Bb7
9. Nbd2 Nbd7 10. Bh2 a6 11. a4 Ra7 12. Bd3 Qa8 13. Qe2 Ne4 14. Nxe4 Bxe4 15.
Bxe4 Qxe4 16. Rfc1 Rc8 17. Nd2 Qa8 18. b4 Rac7 19. dxc5 bxc5 20. b5 axb5 21.
axb5 Ra7 22. Nb3 Rxa1 23. Rxa1 Qb7 24. Na5 Ra8 25. Ra3 Qb6 26. Nc4 Rxa3 27. Nxa3
Bxc3 28. Bf4 Qa5 29. Nc2 Kg7 30. Qd3 Bf6 31. g4 h6 32. Kg2 Nb6 33. e4 c4 34. Qe3
g5 35. e5 Nd5 36. exf6+ exf6 37. Qe4 Nxf4+ 38. Kg3 d5 39. Qe8 Qc3+ 40. Ne3 d4
41. b6 dxe3 42. Qxe3 Qb2 43. Qc5 Qb3+ 44. f3 Qb2 45. Qf2 c3 0-1

[Event "World Blitz 2016"]
[Site "Doha QAT"]
[Date "2016.12.30"]
[Round "13.28"]
[White "Banikas, Hristos"]
[Black "Henriquez Villagra, Cristobal"]
[Result "0-1"]
[WhiteTitle "GM"]
[BlackTitle "IM"]
[WhiteElo "2568"]
[BlackElo "2517"]
[WhiteFideId "4202031"]
[BlackFideId "3409350"]
[EventDate "2016.12.29"]

1. e4 c5 2. Nf3 d6 3. d4 cxd4 4. Nxd4 Nf6 5. f3 Nc6 6. c4 g6 7. Be3 Bg7 8. Nc3
O-O 9. Qd2 Bd7 10. Be2 Nxd4 11. Bxd4 a5 12. O-O Bc6 13. b3 Nd7 14. Bf2 Nc5 15.
Rab1 Be5 16. Rfd1 e6 17. Bd4 Qe7 18. Bxe5 dxe5 19. Qe3 Na6 20. Rd2 Rfd8 21. Rbd1
Rxd2 22. Rxd2 Rd8 23. Rxd8+ Qxd8 24. g3 Nb4 25. Kf2 Nc2 26. Qd3 Qb6+ 27. Kg2
Ne1+ 0-1